North American Sports Teams with ZERO championships - Statistics

General Stats
  • This quiz has been taken 142 times
    49 since last reset
  • The average score is 25 of 34
Answer Stats
League Appearances Team % Correct
NBA 2000, 2025 Indiana Pacers
92%
NFL none Jacksonville Jaguars
89%
NFL 1990, 1991, 1992, 1993 Buffalo Bills
87%
NFL 2003, 2015 Carolina Panthers
87%
NFL 1981, 1988, 2021 Cincinnati Bengals
87%
NFL 1969, 1973, 1974, 1976 Minnesota Vikings
84%
NFL 1999 Tennessee Titans
84%
NFL 1994 Los Angeles Chargers
79%
NFL 1998, 2016 Atlanta Falcons
76%
MLB 2007 Colorado Rockies
76%
NBA 1995, 2009 Orlando Magic
76%
MLB 1984, 1998 San Diego Padres
76%
NFL none Houston Texans
74%
NBA none New Orleans Pelicans
74%
NBA 1976, 1993, 2021 Phoenix Suns
74%
MLB 2008, 2020 Tampa Bay Rays
74%
NBA 1997, 1998 Utah Jazz
74%
NBA none Charlotte Hornets
71%
NBA none Memphis Grizzlies
71%
NHL none Columbus Blue Jackets
68%
NBA none Minnesota Timberwolves
68%
NHL none Seattle Kraken
68%
MLB none Seattle Mariners
68%
NHL none Winnipeg Jets
68%
NBA 2002, 2003 Brooklyn Nets
66%
NHL 1975, 1999 Buffalo Sabres
66%
NBA none Los Angeles Clippers
66%
NHL none Minnesota Wild
66%
NHL 2017 Nashville Predators
66%
NHL 1982, 1994, 2011 Vancouver Canucks
66%
NHL 2007 Ottawa Senators
63%
MLB 1982 Milwaukee Brewers
58%
NHL none Utah Mammoth
58%
NHL 2016 San Jose Sharks
55%
No matching quizzes found
Score Distribution
Percent of People with Each Score
Percentile by Number Answered
Your Score History
You have not taken this quiz since the last reset